000 00300nam a22001337a 4500
008 171027b xxu||||| |||| 00| 0 eng d
020 _a070303061
041 _aeng
080 _a336
100 _a56
101 _aFIN
245 _aTHE LOCATION OF ECONOMIC ACTIVITY
_cHOOVER,E.M
942 _2udc
_cBK
999 _c36259
_d36259